| 000 | 00678nam a2200265 a 4500 | ||
|---|---|---|---|
| 003 | AR-BaBNM | ||
| 005 | 20251128203255.0 | ||
| 008 | 082120s2002 ||||||||||||||000 | spa|| | ||
| 040 | _cAR-BaBNM | ||
| 245 | 0 | 0 | _aCuentos de nuestra tierra |
| 260 |
_aBuenos Aires _bRaigal _c1952 |
||
| 300 | _a447 p. | ||
| 650 | 4 | _aLITERATURA ARGENTINA | |
| 650 | 4 | _aCUENTOS | |
| 650 | 4 | _aESCRITORES | |
| 650 | 4 | _aANTOLOGIAS | |
| 650 | 4 | _aLITERATURA FOLKLORICA | |
| 650 | 4 | _aCOSTUMBRES Y TRADICIONES | |
| 650 | 4 | _aSIGLO DIECINUEVE | |
| 650 | 4 | _aLITERATURA CONTEMPORANEA | |
| 655 | _aLITERATURA | ||
| 700 | 1 |
_aPagés Larraya, Antonio _ecompilador |
|
| 942 | _cBK | ||
| 998 | _cMARTIN | ||
| 999 |
_c2663 _d2663 |
||